[Event "Sligo Spring Tournament Championship 2023"]
[Site "Enniscrone IRL"]
[Date "2023.02.03"]
[Round "1.1"]
[White "Nikiforov, Sergey"]
[Black "Loughran, John"]
[Result "1-0"]
[WhiteElo "1872"]
[BlackElo "1628"]
[BlackICU "1467"]
[BlackClub "Skerries"]
[WhiteNationality "UKR"]
[BlackNationality "IRL"]
[WhiteFideId "14129086"]
[BlackFideId "2501562"]
[PlyCount "107"]
[EventSection "2/4"]
[Venue "Diamond Coast Hotel, Bartragh, Enniscrone, Co. Sligo, F26 E9F9"]
[EventDate "2023.02.03"]
[Source "John Loughran, via Craig DuBose"]

{ Annotator: John Loughran. } { Event information: <a
href="https://www.irlchess.com/sligo-cship2023_allfiles/pairings_sligo-cship2023.html">Tournament
report</a>. }

1. e4 c5 2. Nf3 e6 3. d3 d5 4. Nbd2 Nc6 (4... Nf6 5. g3) 5. g3 Nf6 6. Bg2
Be7 7. O-O b5 8. e5 Nd7 9. Re1 O-O 10. Nf1 Qb6 11. h4 a5 12. N1h2 b4 13. h5
Ba6 (13... h6 { is another plan } 14. Ng4 Kh7 15. Qd2 { Here B is not in
time to defend h6 with Rf8 moves and Bf8 }) 14. h6 g6 15. Ng4 Rfc8 16. Bg5
Qd8 17. Qd2 Nd4 18. Bxe7 Nxf3+ 19. Bxf3 Qxe7 20. Qf4 c4 21. d4 c3 22. b3
Bb5 23. Nf6+ Nxf6 24. exf6 Qc7 25. Re5 a4 26. Rae1 axb3 27. axb3 Bc6 {
maybe too passive } 28. Be2 Bd7 29. Bd3 Qd6 30. Kg2 Ra5 31. g4 Rca8 32. Qe3
Ra1 33. f4 Rxe1 34. Qxe1 Qb6 35. Qe3 Qd8 36. f5 Qxf6 37. g5 Qe7 38. Kf2 Qd6
39. Qf4 Rf8 40. f6 Ra8 41. Qh4 Kh8 (41... Qb8 42. Qg3 Qxe5) 42. Re1 Qb8 43.
Qg3 Qxg3+ 44. Kxg3 Kg8 45. Kf4 { B is lost } 45... Kf8 46. Ke5 Rb8 47. Ra1
Ke8 48. Kd6 Kd8 49. Ra6 Be8 50. Ra7 Rb6+ 51. Kc5 Rb8 (51... Rb5+ 52. Kd6)
52. Bxg6 Rb5+ 53. Kd6 fxg6 54. Ra8+ 1-0

[Event "Sligo Spring Tournament Championship 2023"]
[Site "Enniscrone IRL"]
[Date "2023.02.03"]
[Round "1.10"]
[White "Evans, Damian"]
[Black "Hushpit, Lukian"]
[Result "0-1"]
[WhiteElo "1510"]
[BlackElo "1717"]
[WhiteICU "1288"]
[BlackICU "1747"]
[WhiteClub "Royal Lopez"]
[WhiteNationality "IRL"]
[BlackNationality "UKR"]
[WhiteFideId "2515695"]
[BlackFideId "14189208"]
[PlyCount "48"]
[EventSection "2/4"]
[Venue "Diamond Coast Hotel, Bartragh, Enniscrone, Co. Sligo, F26 E9F9"]
[EventDate "2023.02.03"]
[Annotator "Damian Evans"]

{ Event information: <a
href="https://www.irlchess.com/sligo-cship2023_allfiles/pairings_sligo-cship2023.html">Tournament
report</a>. } { Annotator: Damian Evans. }

1. d4 d5 2. Bg5 c6 { c6 is one of the strongest responses IMO. } 3. Nf3 Nf6
4. e3 Ne4 5. Bf4 Qb6 6. Qc1 Bg4 7. Nbd2 Bxf3 8. Nxf3 Nd7 9. Be2 e6 10. O-O
Be7 { This seems fine for white, I was fairly happy. How quickly things go
wrong. } 11. c4 { Presumably I needed to play h3 here. } (11. h3 g5 12. Bh2
g4 13. hxg4) 11... g5 12. Bg3 (12. Be5 f6 13. Bg3 h5 14. h3) 12... h5 { I
eventually gave in and turned on the engine. White is fine here is they
play h4. h3, not so much. } 13. h3 g4 14. hxg4 hxg4 15. c5 Nxg3 16. fxg3
Qc7 17. Ne5 Nxe5 18. dxe5 Qxe5 19. Rf4 Bg5 20. Bxg4 Bxf4 21. gxf4 Qg7 22.
Bf3 O-O-O 23. e4 dxe4 24. Bxe4 Qd4+ 0-1

[Event "Sligo Spring Tournament Championship 2023"]
[Site "Enniscrone IRL"]
[Date "2023.02.04"]
[Round "2.13"]
[White "Loughran, John"]
[Black "Scott, Shay"]
[Result "1-0"]
[WhiteElo "1628"]
[BlackElo "1481"]
[WhiteICU "1467"]
[BlackICU "1213"]
[WhiteClub "Skerries"]
[BlackClub "Malahide"]
[WhiteNationality "IRL"]
[BlackNationality "IRL"]
[WhiteFideId "2501562"]
[BlackFideId "2504413"]
[PlyCount "81"]
[EventSection "2/4"]
[Venue "Diamond Coast Hotel, Bartragh, Enniscrone, Co. Sligo, F26 E9F9"]
[EventDate "2023.02.03"]
[Source "John Loughran, via Craig DuBose"]

{ Annotator: John Loughran. } { Event information: <a
href="https://www.irlchess.com/sligo-cship2023_allfiles/pairings_sligo-cship2023.html">Tournament
report</a>. }

1. d4 c5 2. d5 f5 3. c4 Nf6 4. Nc3 g6 5. Nf3 d6 6. g3 Na6 7. Bg2 Bg7 8. O-O
O-O 9. Re1 Nc7 10. e4 fxe4 11. Nxe4 Nxe4 12. Rxe4 Bf5 13. Re3 Rb8 14. Qe1
b5 15. Rxe7 Bf6 16. Rxc7 Qxc7 17. cxb5 Rbe8 18. Qd1 Bg4 19. h3 Bxf3 20.
Bxf3 Bd4 21. Bh6 Rf7 22. Kg2 Re5 23. Qd2 Qe7 24. Bf4 Ref5 25. Re1 Qd8 26.
Bg4 Rxf4 27. gxf4 Kg7 28. Be6 Rf6 29. Re2 Qf8 30. Kg3 g5 31. fxg5 Rf3+ 32.
Kg2 Rf4 33. Bg4 Be5 34. b3 Rb4 35. Qd3 Rd4 36. Qf5 { Here I was very short
of time (1 min) playing on the increment. } 36... Qb8 37. Qd7+ Kh8 38. Bf5
Qg8 39. Qe7 Rf4 (39... Qxd5+ 40. Re4 Rxe4 41. Qxh7#) 40. Rxe5 dxe5 41.
Qxe5+ { B resigned in view of } (41. Qxe5+ Qg7 42. Qxf4 Qb2 43. Qb8+ Kg7
44. Qxa7+ Kf8 45. Qxc5+) 1-0

[Event "Sligo Spring Tournament Championship 2023"]
[Site "Enniscrone IRL"]
[Date "2023.02.04"]
[Round "3.15"]
[White "Scott, Shay"]
[Black "Evans, Damian"]
[Result "1-0"]
[WhiteElo "1481"]
[BlackElo "1510"]
[WhiteICU "1213"]
[BlackICU "1288"]
[WhiteClub "Malahide"]
[BlackClub "Royal Lopez"]
[WhiteNationality "IRL"]
[BlackNationality "IRL"]
[WhiteFideId "2504413"]
[BlackFideId "2515695"]
[PlyCount "41"]
[EventSection "2/4"]
[Venue "Diamond Coast Hotel, Bartragh, Enniscrone, Co. Sligo, F26 E9F9"]
[EventDate "2023.02.03"]
[Annotator "Damian Evans"]

{ Event information: <a
href="https://www.irlchess.com/sligo-cship2023_allfiles/pairings_sligo-cship2023.html">Tournament
report</a>. } { Annotator: Damian Evans. }

1. Nf3 d6 2. g3 e5 3. d3 Nd7 4. Bg2 Ngf6 5. O-O Be7 6. e4 O-O 7. Nbd2 c6 8.
Re1 h6 9. Nf1 { To get Ne3, Nf5 } 9... Nh7 10. Ne3 { I wanted to move the
d7 knight to allow Bxf5, but didn't want to put rook on e8. Thought Nc5,
e6, g5 might work (I think). } 10... Qc7 11. h4 a5 { Preventing b4 after
Nc5 } 12. d4 Nb6 13. d5 c5 14. c4 Bd7 15. Bd2 Qc8 16. Kh2 Be8 $4 { Allowing
Nf5 and it's over. } 17. Nf5 Qd7 (17... Qd8 18. Qc1 Nd7 19. Bxh6 gxh6 20.
Qxh6 Bf6 21. Nxd6 Ra6 22. Nf5 Bh8 23. Qe3 Qf6) 18. Qc1 Nf6 19. Bh3 Kh7 20.
Bxh6 Rg8 21. Bxg7 1-0

[Event "Sligo Spring Tournament Championship 2023"]
[Site "Enniscrone IRL"]
[Date "2023.02.05"]
[Round "4.13"]
[White "Loughran, John"]
[Black "Halpenny, John"]
[Result "1-0"]
[WhiteElo "1628"]
[BlackElo "1443"]
[WhiteICU "1467"]
[BlackICU "1314"]
[WhiteClub "Skerries"]
[BlackClub "Gorey"]
[WhiteNationality "IRL"]
[BlackNationality "IRL"]
[WhiteFideId "2501562"]
[BlackFideId "2510235"]
[PlyCount "93"]
[EventSection "2/4"]
[Venue "Diamond Coast Hotel, Bartragh, Enniscrone, Co. Sligo, F26 E9F9"]
[EventDate "2023.02.03"]
[Source "John Loughran, via Craig DuBose"]

{ Annotator: John Loughran. } { Event information: <a
href="https://www.irlchess.com/sligo-cship2023_allfiles/pairings_sligo-cship2023.html">Tournament
report</a>. }

1. e4 c5 2. Nf3 Nc6 3. d4 cxd4 4. Nxd4 g6 5. Nc3 Bg7 6. Be3 d6 7. Bc4 Nf6
8. f3 Bd7 9. Qd2 Na5 10. Bb3 Nxb3 11. Nxb3 a6 12. Bh6 O-O 13. O-O-O b5 14.
h4 a5 15. Bxg7 Kxg7 16. h5 Rh8 17. Nd5 Nxd5 18. Qxd5 Be6 19. Qd4+ (19. h6+
Kg8 (19... Kf8 20. Qd4 f6)) 19... f6 { Black's K's defences are pretty good
now unfortunately for W. } 20. Kb1 a4 21. Nc1 Qc7 22. Nd3 Rac8 23. Rd2 (23.
g4 g5 (23... Qc4 24. Qxc4 bxc4 25. Nb4)) 23... Qc4 24. Qxc4 bxc4 { a good
idea } 25. Nb4 c3 26. Rd4 cxb2 27. g4 { the move order here may be
inaccurate as these moves are from memory. } 27... g5 28. a3 Rc4 29. Rhd1
Rhc8 30. Kxb2 h6 (30... Kf7 31. R1d2 Ke8 32. R2d3 Kd7 33. Rxc4 Rxc4 34. Rc3
) 31. R1d2 Kf7 32. R2d3 Ke8 33. Rxc4 Rxc4 34. Rc3 Kd7 35. Nd5 { The B is so
strong it is worth weakening my pawns to exchange it. } 35... Bxd5 36. exd5
Rd4 37. Rd3 Rc4 (37... Rf4 38. c3 f5 39. gxf5 Rh4) 38. c3 Rf4 39. Rd4 { I
went for it. Probably unsound but I hate draws! } 39... Rxf3 (39... f5 40.
Rxf4 gxf4 41. gxf5) 40. Rxa4 e5 41. dxe6+ (41. Ra7+ Kd8 42. Rh7 Rg3 43.
Rxh6 Ke7 44. Kb3 Rxg4 45. a4 f5 46. Re6+ Kd7 47. h6 Rh4 48. a5) 41... Kxe6
42. Rd4 f5 43. gxf5+ Rxf5 44. a4 Rf4 { I was half hoping for B to make this
natural looking move and had c } 45. Rxf4 gxf4 46. Kc2 Kd5 47. Kd3 (47. Kd3
Kc5 48. Ke4 d5+ 49. Kxf4 Kb6 50. Ke5) 1-0

[Event "Sligo Spring Tournament Championship 2023"]
[Site "Enniscrone IRL"]
[Date "2023.02.05"]
[Round "4.16"]
[White "Divilly, Paddy"]
[Black "Evans, Damian"]
[Result "1/2-1/2"]
[WhiteElo "1517"]
[BlackElo "1510"]
[WhiteICU "1259"]
[BlackICU "1288"]
[WhiteClub "Ballinasloe"]
[BlackClub "Royal Lopez"]
[WhiteNationality "IRL"]
[BlackNationality "IRL"]
[WhiteFideId "2505754"]
[BlackFideId "2515695"]
[PlyCount "73"]
[EventSection "2/4"]
[Venue "Diamond Coast Hotel, Bartragh, Enniscrone, Co. Sligo, F26 E9F9"]
[EventDate "2023.02.03"]
[Annotator "Damian Evans"]

{ Event information: <a
href="https://www.irlchess.com/sligo-cship2023_allfiles/pairings_sligo-cship2023.html">Tournament
report</a>. } { Annotator: Damian Evans. }

1. d4 d6 2. c4 Nd7 3. e4 e5 4. d5 Ngf6 5. Nc3 Be7 6. Be3 O-O 7. Bd3 c6 8.
Nge2 { It seems like I could get the initiative here. } 8... Ng4 9. Bd2 Qb6
10. O-O Nc5 { Nc5 necessary to not lose the queen I think. } (10... Qxb2
11. Na4 Qa3 12. Bc1 Qb4 13. Rb1 Qa5 { So perhaps I could have got away with
it. }) 11. Bc2 Qxb2 12. h3 Nf6 13. f3 Qb6 14. Kh2 { Better here seems like
Be3 } 14... Qd8 15. Be3 Ncd7 { And black has to be better? } 16. Qd2 h6 17.
g4 { My plan is to get the Bishop on h4 } 17... Nh7 18. Ng3 Re8 (18... Ndf6
19. g5 hxg5 20. Bxg5 Nxg5 21. Qxg5 Nh7 22. Qh5) 19. Nf5 { Same thing as
last game! } 19... Bf8 20. dxc6 bxc6 21. Nxd6 Re6 22. Nxc8 Qxc8 23. Qf2 Qa6
$6 24. Bb3 Be7 25. Na4 Nhf8 26. Rad1 Qb7 27. Rd3 Rd6 28. Rfd1 Rxd3 29. Rxd3
Ng6 (29... Bg5 30. Bxg5 hxg5) 30. Qd2 Nh4 31. Qf2 Qc7 32. Bd1 Ng6 33. Qd2
Rd8 34. c5 Nf4 35. Bxf4 exf4 36. Qc3 Bf6 37. Qd2 1/2-1/2

[Event "Sligo Spring Tournament Championship 2023"]
[Site "Enniscrone IRL"]
[Date "2023.02.05"]
[Round "5.15"]
[White "Evans, Damian"]
[Black "Martin, Desmond"]
[Result "1/2-1/2"]
[WhiteElo "1510"]
[BlackElo "1501"]
[WhiteICU "1288"]
[BlackICU "1153"]
[WhiteClub "Royal Lopez"]
[BlackClub "Naomh Barrog"]
[WhiteNationality "IRL"]
[BlackNationality "IRL"]
[WhiteFideId "2515695"]
[BlackFideId "2506815"]
[PlyCount "48"]
[EventSection "2/4"]
[Venue "Diamond Coast Hotel, Bartragh, Enniscrone, Co. Sligo, F26 E9F9"]
[EventDate "2023.02.03"]
[Annotator "Damian Evans"]

{ Event information: <a
href="https://www.irlchess.com/sligo-cship2023_allfiles/pairings_sligo-cship2023.html">Tournament
report</a>. } { Annotator: Damian Evans. }

1. d4 d5 2. Bg5 c6 3. Nf3 Nd7 4. e3 Ngf6 5. Bd3 e6 6. Nbd2 Be7 7. O-O O-O
8. Ne5 { I have 3 games in lichens with this position. Won 2. } 8... Nxe5
9. dxe5 Nd7 10. Bxe7 Qxe7 11. f4 f6 12. exf6 Nxf6 { Serious contemplation
on whether c3 is needed before either Qf3 or Rf3. But after 3 days of chess
I didn't do too much calculation. Qf3 was probably better. } 13. Rf3 e5 { I
only saw the pin on the rook with Bg4 and not the attack on the knight and
queen. Hence Rg3. } 14. Rg3 $2 exf4 15. exf4 Ne4 16. Nxe4 dxe4 17. Bc4+ Be6
18. Bxe6+ Qxe6 19. Qd4 Qf6 20. Qxf6 Rxf6 21. Rf1 Raf8 22. Re3 Rxf4 23. Rxf4
Rxf4 24. g3 Rf7 1/2-1/2